000 00398nam a2200157 4500
020 _a9789370988804
082 _aM3
_bRAM/K
100 _aRamakrishnan T D
245 _aKorappappanu sthuthiyayirikkatte/
_cby Ramakrishnan T D
260 _aKottayam:
_bDC books,
_c2026.
300 _a422p.
650 _aNovel Malayalam
650 _aLiterature Malayalam
650 _aLiterature
942 _cBK
999 _c181918
_d181918